00814nam a22001697a 4500008004100000020001800041050002300059245014400082260013800226300001900364650004400383650002700427650004800454700004300502700005100545700004800596140324t2013 xxu||||| |||| 00| 0 spa d a9786070246395 aLC41 bS2181 201310aTutoría fundamentos y experiencias b: memorias del primer congreso del sistema incorporado Vol. 2 c/ Ramiro, Jesús Sandoval. et al.  aMéxicob: Universidad Nacional Autónoma de México: Dirección General de Incorporación y Revalidación de Estudios c, 2013 a305 páginas 10aORIENTACIÓN PROFESIONAL Y VOCACIONAL 10aINTERESES VOCACIONALES10aTUTORES Y TUTORÍA vCONGRESOS zMÉXICO  aJesús Sandoval, Ramiro ecompilador  aÁvila Valdivieso, José Jaime ecompilador  aJiménez Chávez, Alma Rosa ecompilador